Statistics for NBA Splash Family

Click here to take the quiz!

General Stats

  • This quiz has been taken 24 times
  • The average score is 3 of 5

Answer Stats

Splash... Answer % Correct
BrotherStephen Curry
100%
BrotherKlay Thompson
95%
FatherRay Allen
33%
GrandfatherReggie Miller
24%
UncleDennis Scott
5%

Score Distribution

Percentile by Number Answered

Percent of People with Each Score

Your Score History

You have not taken this quiz